000 00683nam a2200181 a 4500
001 000038892
005 20201002031417.0
008 130501s2001 dr 000 0 spa d
020 _a9993482870
040 _aDO-SdBNP
_bspa
_cBNPHU
100 1 _aGonzález Tapia, Carlisle
_917929
245 1 0 _aMorfosintaxis hispánica :
_b(un enfoque actual de la gramática) /
_cCarlisle González Tapia.
260 _aSanto Domingo :
_bUniversidad Autónoma de Santo Domingo,
_c2001.
300 _a154 p. ;
_c28 cm.
490 1 _aUniversidad Autónoma de Santo Domingo
_vv. 1011
500 _aIncluye notas al pie de las páginas
830 0 _aUniversidad Autónoma de Santo Domingo
_vv. 1011
_917164
999 _c38382
_d38382